Top 10 NFL quarterbacks of 2016-2017 in 2 minutes - Statistics

General Stats
  • This quiz has been taken 2,522 times
  • The average score is 7 of 10
Answer Stats
# Answer % Correct
3 Tom Brady
99%
2 Aaron Rodgers
87%
10 Eli Manning
85%
6 Drew Brees
81%
8 Matt Ryan
71%
1 Cam Newton
70%
5 Russell Wilson
66%
7 Ben Roethlisberger
64%
4 Andrew Luck
47%
9 Tony Romo
33%
No matching quizzes found
Score Distribution
Percent of People with Each Score
Percentile by Number Answered
Your Score History
You have not taken this quiz